000
00337nam a2200145Ia 4500
005
20250508062854.0
008
240331s9999 xx 000 0 und d
082
_b
THA
_a
891
100
_a
Thalaiyasingham, M
245
0
_a
Porparavai
260
_a
Kovai
_b
Paarijaatham Achagam
_c
1985
300
_a
312 p .,
650
_a
Novel
942
_c
L
999
_c
4371
_d
4371